00000000nam 2200000zi 4500
0019.934088
003CaOODSP
00520241121140521
006m     o  d f      
007cr |n|||||||||
008240219s1981    onc|||| or   f000 0|eng d
040 |aCaOODSP|beng|erda|cCaOODSP
043 |an-cn---
0861 |aC23-306/1981E-PDF
24500|aAutomotive parts from Canada.
264 1|aOttawa, Canada : |bGovernment of Canada, Industry, Trade and Commerce = Gouvernement du Canada, Industrie et commerce, |c[1981]
300 |a1 online resource (3 volumes)
336 |atext|btxt|2rdacontent
337 |acomputer|bc|2rdamedia
338 |aonline resource|bcr|2rdacarrier
500 |aDigitized edition from print [produced by Innovation, Science and Economic Development Canada].
5050 |aPart 1. Original equipment application -- part 2. O.E. suppliers to the vehicle companies -- part 3. Rankings by employment levels.
650 0|aAutomobile supplies industry|zCanada|vDirectories.
650 0|aAutomobiles|xParts|zCanada|vDirectories.
650 6|aAutomobiles|xÉquipement|xIndustrie|zCanada|vRépertoires.
650 6|aAutomobiles|xPièces|zCanada|vRépertoires.
655 7|aDirectories|2lcgft
655 7|aRépertoires|2rvmgf
7101 |aCanada. |bIndustry, Trade and Commerce, |eissuing body.
85640|qPDF|s1.45 MB|uhttps://publications.gc.ca/collections/collection_2024/isde-ised/c23/C23-306-1981-1-eng.pdf|zPart 1. Original equipment application
85640|qPDF|s2.32 MB|uhttps://publications.gc.ca/collections/collection_2024/isde-ised/c23/C23-306-1981-2-eng.pdf|zPart 2. O.E. suppliers to the vehicle companies
85640|qPDF|s1.65 MB|uhttps://publications.gc.ca/collections/collection_2024/isde-ised/c23/C23-306-1981-3-eng.pdf|zPart 3. Rankings by employment levels